| 000 -LEADER |
| fixed length control field |
00733nam a22001697a 4500 |
| 005 - DATE AND TIME OF LATEST TRANSACTION |
| control field |
20231019095310.0 |
| 008 - FIXED-LENGTH DATA ELEMENTS--GENERAL INFORMATION |
| fixed length control field |
231019s1984 ru ||||| |||| 00| 0 rus d |
| 041 ## - LANGUAGE CODE |
| Language code of text/sound track or separate title |
rus |
| 080 ## - UNIVERSAL DECIMAL CLASSIFICATION NUMBER |
| Universal Decimal Classification number |
069(084.12) M-89 |
| 245 ## - TITLE STATEMENT |
| Title |
Музей исторических драгоценностей Украины : |
| Remainder of title |
Фотоальбом / |
| Statement of responsibility, etc. |
Автор текста и состав. О. Д. Ганина и др. |
| 264 ## - PRODUCTION, PUBLICATION, DISTRIBUTION, MANUFACTURE, AND COPYRIGHT NOTICE |
| Place of production, publication, distribution, manufacture |
Киев: |
| Name of producer, publisher, distributor, manufacturer |
Мистецтво, |
| Date of production, publication, distribution, manufacture, or copyright notice |
1984. |
| 300 ## - PHYSICAL DESCRIPTION |
| Extent |
124 стр.: |
| Other physical details |
ил.; |
| Dimensions |
17 см. |
| 521 ## - TARGET AUDIENCE NOTE |
| Target audience note |
სათაური ფრანგ. და გერ. ენებზე |
| 653 ## - INDEX TERM--UNCONTROLLED |
| keyword |
მუზეუმები |
| 700 ## - ADDED ENTRY--PERSONAL NAME |
| Personal name |
Ганина, О. Д. |
| Relator term |
ტექსტის ავტორი |
| 9 (RLIN) |
20118 |
| 942 ## - ADDED ENTRY ELEMENTS (KOHA) |
| Source of classification or shelving scheme |
|
| Koha item type |
წიგნი |